000 00617nam a2200217 a 4500
005 20240127063549.0
008 010921s1999 es r 000 0 spa d
020 _a8495114836
035 _aUPN01000111851
049 _aCG
050 4 _aGV706.4
_bE8.78
245 0 0 _aEstrés y rendimiento /
_cChristine Le Scanff ... [et al.].
260 _aBarcelona, Esp. :
_bINDE,
_c1999.
300 _a256 p.
440 0 _aVerde
650 0 _aDeportes
_xAspectos psicológicos
_912171
650 2 _aEstrés (psicología)
_96597
650 2 _aRendimiento
_920379
700 1 _aLe Scanff Christine,
_ecoaut.
905 _aLibro
999 _c85759
_d85759